000 002440000a22000970004500
100 1 _aGreen, Guillermo
245 1 0 _aApóstoles y charlatanes
300 _aVol.10, núm.1 (Marzo , 2008), Páginas 77-91
773 0 _tReforma Siglo 21
942 _cANA
999 _c62473
_d62473